000 00698nam a2200229Ia 4500
003 GCL
008 140319s9999 xx 000 0 ara d
040 _aGCL /
_cGCL
082 0 4 _a370.1934
_bا ا
100 1 _aعبدالعزيز السيد الشخص
245 1 0 _aالتاخر الدراسى /
_cعبدالعزيز السيد الشخص
260 _a[S.N] :
_bسفير ،
_c1994
300 _a94 ص
490 _aسفير التربوية
_v0
650 0 4 _aالتربية
650 0 4 _aالاطفال
650 0 4 _aالتليفزيون
650 0 4 _aعلم نفس الطفل
650 0 4 _aالاطفال المعوقون
650 0 4 _aالتاخر الدراسى
942 _2ddc
_cBK
999 _c34975
_d34975